000 00506 a2200169 4500
003 OSt
005 20231103112738.0
008 231103b |||||||| |||| 00| 0 eng d
020 _a9789580012742
040 _coclc
082 _a745.619927
_bHAM/I
100 _aHamadani, Saleem
_92812
245 _aInscriptions of piety : calligraphy of Saleem Hamadani /
_cSaleem Hamadani
260 _bOther Books,
300 _a53p
942 _2ddc
_cBK
_h745.619927
_iHAM/I
_k745.619927
_mHAM/I
999 _c42773
_d42773